Science and technology policy : perspectives for the 1980s
Αποθηκεύτηκε σε:
| Συγγραφή απο Οργανισμό/Αρχή: | |
|---|---|
| Άλλοι συγγραφείς: | , |
| Μορφή: | Πρακτικό Συνεδρίου Βιβλίο |
| Γλώσσα: | English |
| Δημοσίευση: |
New York :
New York Academy of Sciences,
1979
|
| Σειρά: | Annals of the New York Academy of Sciences ;
; 334 |
| Θέματα: | |
| Ετικέτες: |
Προσθήκη ετικέτας
Δεν υπάρχουν, Καταχωρήστε ετικέτα πρώτοι!
|
MARC
| LEADER | 00000cam a2200000 i 4500 | ||
|---|---|---|---|
| 001 | 1/6920 | ||
| 008 | 000618s1979 eng d | ||
| 020 | |a 0-89766-036-6 | ||
| 035 | |l 10062102 | ||
| 040 | |a GR-MY-UA |b gre |e aacr | ||
| 041 | 0 | |a eng | |
| 082 | 0 | |a 351.855 | |
| 245 | 1 | 0 | |a Science and technology policy : |b perspectives for the 1980s / |c edited by Herbert I. Fusfeld and Carmela S. Haklisch |
| 260 | |a New York : |b New York Academy of Sciences, |c 1979 | ||
| 300 | |a 285 p. |b fig., tabl. | ||
| 490 | 1 | |a Annals of the New York Academy of Sciences |v ; 334 | |
| 500 | |a Presentations from a conference ... held March 27 and 28, 1979 by New York University | ||
| 504 | |a Includes bibliographical references | ||
| 650 | 0 | 0 | |a Science and state |x Congresses. |
| 650 | 0 | 0 | |a Technology and state |x Congresses. |
| 700 | 1 | |a Fusfeld, Herbert I. |4 edt | |
| 700 | 1 | |a Haklisch, Carmela S. |4 edt | |
| 711 | 2 | |a International Conference on Science and Technology Policy |d (1979 : |c New York) | |
| 830 | 0 | |a Annals of the New York Academy of Sciences ; |v ; 334 | |
| 852 | |a INST |b LESVOS |e 20000618 |h 351.855 SCI |p 005100020839 |q 005100020839 |t BK |y 0 | ||
| 901 | |a BIBL1-2000-2 | ||
| 909 | |a Λ |b 072991 | ||
| 970 | |z 2000/06/ΜΠΡΑΤΤΗΣ | ||